Crímenes en Lima / (Record no. 22371)

000 -CABECERA
campo de control de longitud fija 01175cam a22003497i 4500
001 - NÚMERO DE CONTROL
campo de control 21800411
003 - IDENTIFICADOR DEL NÚMERO DE CONTROL
campo de control OSt
005 - FECHA Y HORA DE LA ÚLTIMA TRANSACCIÓN
campo de control 20220506130659.0
008 - DATOS DE LONGITUD FIJA--INFORMACIÓN GENERAL
campo de control de longitud fija 200922e201907 pe a 000 0 spa
010 ## - NÚMERO DE CONTROL DE LA BIBLIOTECA DEL CONGRESO
Número de control de LC 2021357911
020 ## - NÚMERO INTERNACIONAL ESTÁNDAR DEL LIBRO
Número Internacional Estándar del Libro 9786124779527
035 ## - NÚMERO DE CONTROL DEL SISTEMA
Número de control de sistema (PE-LiEIC)it201600017587
040 ## - FUENTE DE LA CATALOGACIÓN
Centro catalogador/agencia de origen Biblioteca Municipalidad de Cusco
Centro/agencia transcriptor Biblioteca Municipalidad de Cusco
Normas de descripción rda
043 ## - CÓDIGO DE ÁREA GEOGRÁFICA
Código de área geográfica s-pe---
082 ## - NÚMERO DE LA CLASIFICACIÓN DECIMAL DEWEY
Número de clasificación 364.1/J64
100 1# - ENTRADA PRINCIPAL--NOMBRE DE PERSONA
Nombre de persona Jochamowitz, Luis
Fechas asociadas al nombre 1953-
9 (RLIN) 47949
245 10 - MENCIÓN DE TÍTULO
Título Crímenes en Lima /
Mención de responsabilidad, etc. Luis Jochamowitz
250 ## - MENCIÓN DE EDICIÓN
Mención de edición Primera edición.
264 #1 - PRODUCCIÓN, PUBLICACIÓN, DISTRIBUCIÓN, FABRICACIÓN Y COPYRIGHT
Producción, publicación, distribución, fabricación y copyright Lima, Perú :
Nombre del de productor, editor, distribuidor, fabricante Melquíades,
Fecha de producción, publicación, distribución, fabricación o copyright julio 2019.
300 ## - DESCRIPCIÓN FÍSICA
Extensión 197 páginas. :
Otras características físicas ilustraciones ;
Dimensiones 24 cm.
505 ## - NOTA DE CONTENIDO CON FORMATO
Nota de contenido con formato Contenido: Lima ciudad de pobres corazones. -- La carne de los Paredes. ...
650 ## - PUNTO DE ACCESO ADICIONAL DE MATERIA--TÉRMINO DE MATERIA
Término de materia o nombre geográfico como elemento de entrada Crónica literaria peruana
Subdivisión cronológica Siglo XX
9 (RLIN) 47950
700 ## - PUNTO DE ACCESO ADICIONAL--NOMBRE DE PERSONA
Nombre de persona Wiener, Gabriela
9 (RLIN) 47951
700 ## - PUNTO DE ACCESO ADICIONAL--NOMBRE DE PERSONA
Nombre de persona Salvatierra, Dany
9 (RLIN) 47952
700 ## - PUNTO DE ACCESO ADICIONAL--NOMBRE DE PERSONA
Nombre de persona León, Ricardo
9 (RLIN) 11095
700 ## - PUNTO DE ACCESO ADICIONAL--NOMBRE DE PERSONA
Nombre de persona Freyre, Carlos Enrique
9 (RLIN) 47953
700 ## - PUNTO DE ACCESO ADICIONAL--NOMBRE DE PERSONA
Nombre de persona Neyra, Alejandro
Fechas asociadas al nombre 1974-
9 (RLIN) 47954
700 ## - PUNTO DE ACCESO ADICIONAL--NOMBRE DE PERSONA
Nombre de persona Paredes, Carlos
Fechas asociadas al nombre 1969-
9 (RLIN) 47955
700 ## - PUNTO DE ACCESO ADICIONAL--NOMBRE DE PERSONA
Nombre de persona Río, María Luisa del
Fechas asociadas al nombre 1968-
9 (RLIN) 47956
942 ## - ELEMENTOS DE PUNTO DE ACCESO ADICIONAL (KOHA)
Fuente del sistema de clasificación o colocación
Tipo de ítem Koha Libros-BMC
Holdings
Estado de retiro Estado de pérdida Fuente del sistema de clasificación o colocación Estado dañado No para préstamo Código de colección Localización permanente Ubicación/localización actual Ubicación en estantería Fecha de adquisición Coste, precio normal de compra Signatura topográfica completa Código de barras Fecha visto por última vez Precio válido a partir de Tipo de ítem Koha
          Non-fiction Sala Humanidades Sala Humanidades Book Cart 2022-05-06 49.00 364.1/J64 SH0000016191 2022-05-06 2022-05-06 Libros-BMC
          Non-fiction Sala Humanidades Sala Humanidades Book Cart 2022-05-06 49.00 364.1/J64/e.2 SH0000016192 2022-05-06 2022-05-06 Libros-BMC

Powered by Koha